|
|
|
|
| LEADER |
00000cam a22000002c 4500 |
| 001 |
184006689X |
| 003 |
DE-627 |
| 005 |
20250708101250.0 |
| 007 |
cr uuu---uuuuu |
| 008 |
230324s2002 xx |||||o 00| ||eng c |
| 024 |
7 |
|
|a 10.3886/ICPSR03398.v1
|2 doi
|
| 035 |
|
|
|a (DE-627)184006689X
|
| 035 |
|
|
|a (DE-599)KXP184006689X
|
| 040 |
|
|
|a DE-627
|b ger
|c DE-627
|e rda
|
| 041 |
|
|
|a eng
|
| 084 |
|
|
|a 2,1
|2 ssgn
|
| 100 |
1 |
|
|a Weisheit, Ralph A.
|e VerfasserIn
|4 aut
|
| 109 |
|
|
|a Weisheit, Ralph A.
|a Weisheit, Ralph
|a Weisheit, Ralph Albert
|
| 245 |
1 |
0 |
|a Gangs in Rural America, 1996-1998
|
| 264 |
|
1 |
|a [Erscheinungsort nicht ermittelbar]
|b [Verlag nicht ermittelbar]
|c 2002
|
| 336 |
|
|
|a Text
|b txt
|2 rdacontent
|
| 337 |
|
|
|a Computermedien
|b c
|2 rdamedia
|
| 338 |
|
|
|a Online-Ressource
|b cr
|2 rdacarrier
|
| 520 |
|
|
|a This study was undertaken to enable cross-community analysis of gang trends in all areas of the United States. It was also designed to provide a comparative analysis of social, economic, and demographic differences among non-metropolitan jurisdictions in which gangs were reported to have been persistent problems, those in which gangs had been more transitory, and those that reported no gang problems. Data were collected from four separate sources and then merged into a single dataset using the county Federal Information Processing Standards (FIPS) code as the attribute of common identification. The data sources included: (1) local police agency responses to three waves (1996, 1997, and 1998) of the National Youth Gang Survey (NYGS), (2) rural-urban classification and county-level measures of primary economic activity from the Economic Research Service (ERS) of the United States Department of Agriculture, (3) county-level economic and demographic data from the County and City Data Book, 1994, and from USA Counties, 1998, produced by the United States Department of Commerce, and (4) county-level data on access to interstate highways provided by Tom Ricketts and Randy Randolph of the University of North Carolina at Chapel Hill. Variables include the FIPS codes for state, county, county subdivision, and sub-county, population in the agency jurisdiction, type of jurisdiction, and whether the county was dependent on farming, mining, manufacturing, or government. Other variables categorizing counties include retirement destination, federal lands, commuting, persistent poverty, and transfer payments. The year gang problems began in that jurisdiction, number of youth groups, number of active gangs, number of active gang members, percent of gang members who migrated, and the number of gangs in 1996, 1997, and 1998 are also available. Rounding out the variables are unemployment rates, median household income, percent of persons in county below poverty level, percent of family households that were one-parent households, percent of housing units in the county that were vacant, had no telephone, or were renter-occupied, resident population of the county in 1990 and 1997, change in unemployment rates, land area of county, percent of persons in the county speaking Spanish at home, and whether an interstate highway intersected the county.
|
| 540 |
|
|
|a ICPSR Terms of Use
|
| 650 |
|
4 |
|a demographic characteristics
|
| 650 |
|
4 |
|a Economic indicators
|
| 650 |
|
4 |
|a gang members
|
| 650 |
|
4 |
|a Gangs
|
| 650 |
|
4 |
|a Police Response
|
| 650 |
|
4 |
|a Rural areas
|
| 650 |
|
4 |
|a Rural Crime
|
| 650 |
|
4 |
|a Social indicators
|
| 655 |
|
7 |
|a Forschungsdaten
|0 (DE-588)1098579690
|0 (DE-627)857755366
|0 (DE-576)469182156
|2 gnd-content
|
| 700 |
1 |
|
|a Wells, L. Edward
|e MitwirkendeR
|4 ctb
|
| 787 |
0 |
8 |
|i Forschungsdaten zu
|a Weisheit, Ralph A.
|t Crime and Policing in Rural and Small-Town America, 2nd Edition
|d [Erscheinungsort nicht ermittelbar] : Waveland, 1999
|w (DE-627)1912496925
|
| 787 |
0 |
8 |
|i Forschungsdaten zu
|a Wells, L. Edward
|t Gang problems in nonmetropolitan areas: A longitudinal assessment
|d 2001
|w (DE-627)1912563886
|
| 787 |
0 |
8 |
|i Forschungsdaten zu
|a Weisheit, Ralph A.
|t Gangs in Rural America, Final Report
|d [Erscheinungsort nicht ermittelbar] : Illinois State University [producer], United States Department of Justice, National Institute of Justice [distributor], 2001
|w (DE-627)1912564076
|
| 787 |
0 |
8 |
|i Forschungsdaten zu
|a Weisheit, Ralph A.
|t The Perception of Gangs as a Problem in Nonmetropolitan Areas
|d 2001
|w (DE-627)1912649217
|
| 787 |
0 |
8 |
|i Forschungsdaten zu
|a Weisheit, Ralph A.
|t Youth gangs in rural America
|d 2004
|w (DE-627)1912753375
|
| 856 |
4 |
0 |
|u https://doi.org/10.3886/ICPSR03398.v1
|x Resolving-System
|z kostenfrei
|3 Volltext
|7 0
|
| 935 |
|
|
|a mkri
|
| 951 |
|
|
|a BO
|
| ELC |
|
|
|a 1
|
| LOK |
|
|
|0 000 xxxxxcx a22 zn 4500
|
| LOK |
|
|
|0 001 4296814737
|
| LOK |
|
|
|0 003 DE-627
|
| LOK |
|
|
|0 004 184006689X
|
| LOK |
|
|
|0 005 20230324125338
|
| LOK |
|
|
|0 008 230324||||||||||||||||ger|||||||
|
| LOK |
|
|
|0 035
|a (DE-2619)ICPSR3398
|
| LOK |
|
|
|0 040
|a DE-2619
|c DE-627
|d DE-2619
|
| LOK |
|
|
|0 092
|o n
|
| LOK |
|
|
|0 852
|a DE-2619
|
| LOK |
|
|
|0 852 1
|9 00
|
| LOK |
|
|
|0 935
|a foda
|a nacj
|
| LOK |
|
|
|0 939
|a 24-03-23
|b l01
|
| OAS |
|
|
|a 1
|
| ORI |
|
|
|a SA-MARC-krimdoka001.raw
|